00536nam a2200181Ia 4500008004100000020001800041082001500059100002200074245003900096250000600135260003900141300001600180500002400196650001500220942000700235952009500242999001700337230524s9999 xx 000 0 und d a9789384588212 a621.3bRAO aK. Uma Rao943013 0aElements of Electrical Engineering a1 aNew DelhibI.K.Internationalc2015 a"VII,225p:" aQuantity Number: 1 aElectrical cBK 00104070aTATCLbTATCLcGENd2023-05-24l0o621.3 RAOp54248r2023-05-24w2023-05-24yBK c57957d57957